Die evangelisch-augsburgische Kirchengemeinde Turek in Großpolen

Titel: Die evangelisch-augsburgische Kirchengemeinde Turek in Großpolen : Dokumente zur Vorgeschichte ihrer Gründung aus den Jahren 1825 und 1830
Verfasser:
Beteiligt:
In: Zeitschrift für ostdeutsche Familiengeschichte, Band 60, Heft 3 (2012), Seite 369-381
alle Artikel anzeigen
Veröffentlicht: 2012
Format: Aufsatz
Sprache: Deutsch
Kein Bild verfügbar
X
alg: 39267696
001A    $01999:11-11-16 
001B    $01999:12-03-21 $t19:07:01.000 
001C    $06050:21-11-16 $t21:02:32.000 
001D    $01999:11-11-16 
001U    $0utf8 
001X    $00 
002@    $0Aox 
003@    $0392676966 
007A    $0392676966 $aHEB 
007T    $0Herdc0096748m 
010@    $ager 
011@    $a2012 
021A    $aDie @evangelisch-augsburgische Kirchengemeinde Turek in Großpolen $dDokumente zur Vorgeschichte ihrer Gründung aus den Jahren 1825 und 1830 
028A    $aFrantz $dJürgen 
028B/01 $aPechner $dDieter 
031A    $d60 $e3 $h369-381 $j2012 
037A    $aEnthält Quellen (370-381) 
039B    $aIn $8--Abvc--. Zeitschrift für ostdeutsche Familiengeschichte. - Herne : AGoFF, 2010-. - ISSN 2190-7145 $x201200000600003631 $922184872X 
045F    $a900.943809033 $eDDC23BSB 
045F/01 $a900 
045F/03 $f09033 
045F/03 $f9034 
045F/03 $f09041 
045F/03 $g438 
045F/03 $g43849 
045T    $a8 $a8,1 

lok: 39267696 78

exp: 39267696 78 1 #EPN
201B/01 $019-04-17 $t11:28:23.000 
201U/01 $0utf8 
203@/01 $0788776304 
208@/01 $a11-11-16 $be 
209A/01 $a/ $f000 $x00 
220C/01 $aTitelaufnehmer: pg 
220C/01 $aHerkunft: HI Marburg 
244Z/01 $2Trx $#Großpolen $#Greater Poland $#Velkopolsko $8--Trx--Wielkopolska $x01 $9391277227 
244Z/01 $2Trx $#Poola $#Lenkija $#Polija $#Polen Land $#Poland $#Lengyelország $#Poľsko $#Polsko $8--Trx--Polska$gkraj $x02 $9391345966 
244Z/01 $2Trx $#Turek $8--Trx--Turek $x03 $9391266179 
244Z/01 $aGeschichte 1825-1830 $x04 
244Z/01 $2Trx $#kogudused $#parapijos $#parishes $#gyülekezetek $#parafie $#farnosti $#farnosti $#Pfarreien $#fary $8--Trx--Kirchengemeinden $x05 $9391369407 
244Z/01 $2Trx $#kirikud, evangeelsed $#bažnyčios, evangelikų $#Churches, Protestant $#templomok, evangélikus $#kościoły ewangelickie $#cirkvi evanjelické $#církve evangelické $#kościół ewangelicko-augsburski $#kościół ewangelicko-luterański $#kościół luterański $8--Trx--Kirchen, evangelische $x06 $9391382926 
244Z/01 $2Trx $#allikmaterial $#šaltiniai $#Source material, historical $#források $#źródła $#pramene $#prameny $8--Trx--Quellen $x07 $9391358375 
244Z/01 $2Trx $8--Trx--Zeitschriftenaufsatz $x08 $9391384341 
244Z/01 $2Trx $#editsioonid $#šaltinių publikacijos $#editions $#kiadások $#edytorstwo $#edície $#edice $#kirjastused $8--Trx--Editionen $x09 $9391371150 
245Z/01 $a13.03 $x01 
245Z/01 $a03.03.04 $x02 
247C/01 $82080>Marburg/Lahn, Herder-Institut, Forschungsbibliothek, Bibliographieportal $9336309341
LEADER 00000caa a22000002c 4500
001 392676966
003 DE-603
005 20210312190701.0
007 tu
008 161111s2012 xx |||| | u00||u|ger c
035 |a (DE-599)HEB392676966 
040 |a DE-603  |b ger  |c DE-603  |d DE-603 
041 |a ger 
082 0 4 |8 1\u  |a 900.943809033  |q DE-101  |2 23/BSB 
084 |a 8  |a 8,1  |2 ssgn 
085 |8 1\u  |b 900 
085 |8 1\u  |z 1  |s 09033 
085 |8 1\u  |z 1  |s 9034 
085 |8 1\u  |z 1  |s 09041 
085 |8 1\u  |z 2  |s 438 
085 |8 1\u  |z 2  |s 43849 
100 1 |a Frantz, Jürgen 
245 0 0 |a ˜Dieœ evangelisch-augsburgische Kirchengemeinde Turek in Großpolen  |b Dokumente zur Vorgeschichte ihrer Gründung aus den Jahren 1825 und 1830 
264 0 |c 2012 
500 |a Enthält Quellen (370-381) 
700 1 |a Pechner, Dieter 
773 0 8 |i In  |t Zeitschrift für ostdeutsche Familiengeschichte  |d Herne : AGoFF, 2010-  |h 24 cm  |x 2190-7145  |g Band 60, Heft 3 (2012), Seite 369-381  |w (DE-603)22184872X  |w (DE-600)2545295-2 
924 0 |9 2080  |a (DE-603)788776304  |b DE-2080  |c HES  |d d  |g /